000 00406nam a2200145Ia 4500
008 230917s9999||||xx |||||||||||||| ||und||
040 _e176960
_aMAIN
041 _aEnglish
082 _a891.433721 AH83U
100 _aआप्टे, हरिनारायण
245 0 _aउषाकाल
260 _aदिल्ली
_bकिताबघर
_c1979
300 _a167 पृ. p.
942 _cHN
999 _c212056
_d212056